| Tag |
First Indicator |
Second Indicator |
Subfields |
| LEADER |
00000cam a2200000 4500 |
| 001 |
in00000099541 |
| 005 |
20150926125625.0 |
| 008 |
750121s1966 eng u |
| 010 |
|
|
|a 66026993
|
| 020 |
|
|
|a 0442150334
|
| 035 |
|
|
|a (OCoLC)01147416
|
| 035 |
|
|
|9 AAL3962AM
|
| 040 |
|
|
|c AED
|d TXA
|d UtOrBLW
|
| 049 |
|
|
|a TXAM
|c 1 [465838]
|c 2 [1016810]
|
| 090 |
|
|
|a TP761.C65
|b C6
|
| 110 |
2 |
|
|a Compressed Gas Association.
|
| 245 |
1 |
0 |
|a Handbook of compressed gases.
|
| 264 |
|
1 |
|a New York :
|b Reinhold Pub. Corp.,
|c [1966]
|
| 300 |
|
|
|a xvi, 398 pages :
|b illustrations ;
|c 26 cm.
|
| 336 |
|
|
|a text
|b txt
|2 rdacontent
|
| 337 |
|
|
|a unmediated
|b n
|2 rdamedia
|
| 338 |
|
|
|a volume
|b nc
|2 rdacarrier
|
| 504 |
|
|
|a Includes bibliographies.
|
| 650 |
|
0 |
|a Gases, Compressed.
|
| 999 |
|
|
|a MARS
|
| 999 |
f |
f |
|s 2aeb4229-b691-3cc1-b36c-9bd348835b35
|i 93136018-a88f-3396-8226-fe512920ea03
|t 0
|
| 952 |
f |
f |
|p ric
|a Texas A&M University
|b Rellis Campus
|c Joint Library Facility
|d Remote Storage
|t 0
|e TP761.C65 C6
|h Library of Congress classification
|i unmediated -- volume
|m A14805614526
|
| 998 |
f |
f |
|a TP761.C65 C6
|t 0
|l Remote Storage
|